000 00956nam a2200277Ia 4500
003 OSt
005 20221005111342.0
006 a|||||r|||| 00| 0
007 ta
008 221004b |||||||| |||| 00| 0 hin d
020 _a8181436660 (hbk)
_c400
024 _a12092
037 _b332, 20/03/2014, Vani Prakashan
_cTextual
040 _aCRL
_cCRL
_bhin
041 _2hin
_ahin
082 _aO157,3N62w,1, 152P4.5
100 _aनसरीन, तसलीमा
245 0 _aमुझे घर ले चलो
246 _aMuze ghar le chalo
250 _a3 संस्करण
260 _aनई दिल्ली
_bवाणी प्रकाशन भारत
_c2010
490 _vखंड 5
650 _aबंगाली साहित्य
942 _hO157,3N62w,1, 152P4.5
_cTEXL
_2cc
999 _c1021575
_d1021575